| 000 | 00465nam a22001697a 4500 | ||
|---|---|---|---|
| 003 | SISC | ||
| 005 | 20160711160705.0 | ||
| 008 | 160711b xxu||||| |||| 00| 0 eng d | ||
| 020 | _a0805391983 | ||
| 050 | _aQC 23 . H611 2006 | ||
| 245 |
_aConceptual physics / _cAdam Black, editor-in-chief. |
||
| 250 | _a10th ed. | ||
| 260 |
_aSan Francisco, USA : _bPearson, _cc2006. |
||
| 300 |
_a291 p. : _bill. ; _c26 cm. |
||
| 650 | _aPhysics. | ||
| 942 |
_2lcc _cBK |
||
| 999 |
_c296245 _d296245 |
||